| 000 | 00408nam a22001577a 4500 | ||
|---|---|---|---|
| 999 |
_c2354 _d2354 |
||
| 008 | 200225b ||||| |||| 00| 0 eng d | ||
| 082 | 0 | 0 |
_a623.82 _bK321 |
| 100 |
_91932 _aKemp |
||
| 245 | 1 | 0 |
_aShip construction,sketches and notes / _cby Kemp and Young |
| 250 | _a2nd ed. | ||
| 260 |
_aLondon _bStanford Maritime _c1973 |
||
| 300 | _a135 p. | ||
| 650 | 0 | _aShipbuilding | |
| 700 |
_91933 _aYoung |
||
| 942 | _cBK | ||